[Event "SRB-chT 1st League Women 2018"]
[Site "Zajecar"]
[Date "2018.09.10"]
[Round "11"]
[White "Prudnikova, Svetlana"]
[Black "Belic, Jordanka"]
[Result "1/2-1/2"]
[WhiteElo "2229"]
[BlackElo "2231"]
[Annotator "TA"]
[PlyCount "70"]
[EventDate "2018.08.31"]
[EventType "team-tourn"]
[EventCountry "SRB"]
[SourceTitle "playchess.com"]
[Source "ChessBase"]
[SourceQuality "1"]

{[%evp 20,70,30,19,37,30,72,79,80,72,79,16,25,26,81,72,67,31,31,31,22,24,88,91,108,31,30,31,30,17,17,17,26,17,18,0,29,0,0,0,0,6,15,0,0,0,15,0,0,0,20,0,0]} 1. d4 Nf6 2. Nf3 g6 3. c4 Bg7 4. Nc3 O-O 5. e4 d6 6. Be2 e5 7. d5 a5 8. Bg5 h6 9. Bh4 Na6 10. Nd2 Qe8 11. g4 {LiveBook: 16 Games} Nd7 {E92: King's Indian: Classical: 6 Be2 e5: 7 dxe5, 7 Be3 and Petrosian System without 7...Nbd7} (11... Nh7 12. Rg1 Bd7 13. Nf1 Ng5 14. Bxg5 hxg5 15. Nd2 Bf6 16. Rg3 Kg7 17. Kf1 Rh8 18. h3 Nc5 19. Nb3 {0-1 (57) Anastasian,A (2587)-Mariano,N (2416) Dubai 2004}) 12. Nf1 Bf6 13. Bxf6 Nxf6 {White is better.} 14. h4 Kg7 $146 ({Predecessor:} 14... Bd7 15. Ng3 Kg7 16. f3 Ng8 17. Qd2 Ne7 18. O-O-O f5 19. h5 {1-0 (38) Rath,U (2350)-Isaksen,B Esbjerg 1976}) 15. Ng3 (15. Ne3 $16) 15... Qe7 $11 16. f3 Nh7 (16... Nd7 $1 $11 {remains equal.}) 17. Qd2 Qf6 18. O-O-O Qf4 19. Rdg1 Bd7 20. Nf1 Rae8 (20... Qxd2+ $11 21. Kxd2 Nf6) 21. Ne3 $16 Rh8 22. Ng2 (22. Kb1 $16) 22... Qxd2+ $14 23. Kxd2 Nf6 24. Ne3 h5 25. g5 Nh7 26. Bf1 Rhf8 27. Bh3 Re7 28. Bxd7 Rxd7 {The position is equal.} 29. Rg3 f6 30. gxf6+ Rxf6 31. Rhg1 Nf8 32. Ke2 Rf4 33. Ng2 Rf6 $1 34. Ne3 Rf4 35. Ng2 Rf6 {Precision: White = 51%, Black = 59%.} 1/2-1/2

[Event "SRB-chT 1st League Women 2018"]
[Site "Zajecar"]
[Date "2018.09.10"]
[Round "11"]
[White "Ostojic, Katarina"]
[Black "Djukic, Sandra"]
[Result "1/2-1/2"]
[WhiteElo "2134"]
[BlackElo "2162"]
[Annotator "ChessBase"]
[PlyCount "157"]
[EventDate "2018.08.31"]
[EventType "team-tourn"]
[EventCountry "SRB"]
[SourceTitle "playchess.com"]
[Source "ChessBase"]
[SourceQuality "1"]
[TimeControl "40/5400+30:1800+30"]

1. d4 {[%emt 0:00:00]} Nf6 {[%emt 0:00:00]} 2. Nf3 {[%emt 0:00:00]} e6 {[%emt 0:00:00]} 3. c4 {[%emt 0:00:17]} c5 {[%emt 0:01:03]} 4. e3 {[%emt 0:00:06]} cxd4 {[%emt 0:04:10]} 5. exd4 {[%emt 0:00:20]} d5 {[%emt 0:03:13]} 6. Nc3 {[%emt 0:00:55]} Be7 {[%emt 0:00:23]} 7. Bd3 {[%emt 0:01:28]} dxc4 {[%emt 0:00:57]} 8. Bxc4 {[%emt 0:00:13]} O-O {[%emt 0:00:37]} 9. O-O {[%emt 0:01:29]} a6 {[%emt 0:00:51]} 10. a4 {[%emt 0:03:08]} Nc6 {[%emt 0:04:01]} 11. Be3 {[%emt 0:07:10]} Nb4 {[%emt 0:01:38]} 12. h3 {[%emt 0:02:45]} b6 {[%emt 0:04:54]} 13. Qe2 {[%emt 0:02:56]} Bb7 {[%emt 0:01:38]} 14. Ne5 {[%emt 0:09:17]} Nfd5 {[%emt 0:01:50]} 15. Rac1 {[%emt 0:08:51]} Rc8 {[%emt 0:27:52]} 16. Nxd5 {[%emt 0:03:31]} Bxd5 {[%emt 0:07:54]} 17. Bxd5 {[%emt 0:06:52]} Qxd5 {[%emt 0:02:00]} 18. Rfd1 {[%emt 0:03:31]} b5 {[%emt 0:12:27]} 19. axb5 {[%emt 0:02:50]} axb5 {[%emt 0:03:18]} 20. Rc3 {[%emt 0:10:18]} f6 {[%emt 0:15:15]} 21. Nf3 {[%emt 0:06:20]} Bd6 {[%emt 0:02:02]} 22. Bd2 {[%emt 0:06:07]} Rce8 {[%emt 0:02:53]} 23. Be1 {[%emt 0:05:24]} Re7 {[%emt 0:01:39]} 24. Ra1 {[%emt 0:02:34]} Nc6 {[%emt 0:00:50]} 25. Ra6 {[%emt 0:02:09]} Nb8 {[%emt 0:00:22]} 26. Ra1 {[%emt 0:02:54]} Rfe8 {[%emt 0:00:39]} 27. Rac1 {[%emt 0:04:25]} Nd7 {[%emt 0:00:20]} 28. Rc8 {[%emt 0:00:22]} Nb6 {[%emt 0:00:14]} 29. Rxe8+ {[%emt 0:01:01]} Rxe8 {[%emt 0:00:04]} 30. Bd2 {[%emt 0:02:36]} Nc4 {[%emt 0:00:39]} 31. Bc3 {[%emt 0:02:06]} Nb6 {[%emt 0:00:59]} 32. Bd2 {[%emt 0:01:45]} Na4 {[%emt 0:00:38]} 33. Be3 {[%emt 0:00:53]} h6 {[%emt 0:00:31]} 34. Qc2 {[%emt 0:00:29]} f5 {[%emt 0:00:25]} 35. b3 {[%emt 0:00:42]} Nb6 {[%emt 0:00:19]} 36. Qc6 {[%emt 0:00:40]} Rb8 {[%emt 0:00:29]} 37. Ne5 {[%emt 0:00:54]} Kh7 {[%emt 0:00:45]} 38. Qxd5 {[%emt 0:00:44]} Nxd5 {[%emt 0:00:15]} 39. Rc6 {[%emt 0:00:40]} Bxe5 {[%emt 0:00:50]} 40. dxe5 {[%emt 0:00:00]} Re8 {[%emt 0:00:00]} 41. Bd2 {[%emt 0:07:55]} f4 {[%emt 0:05:02]} 42. Rc5 {[%emt 0:03:41]} Ra8 {[%emt 0:15:06]} 43. Kf1 {[%emt 0:07:46]} Ra2 {[%emt 0:02:24]} 44. Ke1 {[%emt 0:05:13]} Kg6 {[%emt 0:01:52]} 45. Rxb5 {[%emt 0:01:20]} Kf5 {[%emt 0:00:05]} 46. Ra5 {[%emt 0:01:20]} Rb2 {[%emt 0:00:29]} 47. b4 {[%emt 0:01:31]} Nxb4 {[%emt 0:01:42]} 48. Bxb4 {[%emt 0:00:17]} Rxb4 {[%emt 0:00:04]} 49. Ra7 {[%emt 0:00:41]} g6 {[%emt 0:00:34]} 50. Rh7 {[%emt 0:00:56]} h5 {[%emt 0:00:14]} 51. Rg7 {[%emt 0:01:05]} Rb5 {[%emt 0:02:12]} 52. Ke2 {[%emt 0:00:45]} Rxe5+ {[%emt 0:01:32]} 53. Kf3 {[%emt 0:00:07]} Ra5 {[%emt 0:00:24]} 54. Rf7+ {[%emt 0:01:09]} Kg5 {[%emt 0:02:52]} 55. h4+ {[%emt 0:00:10]} Kxh4 {[%emt 0:00:37]} 56. Rxf4+ {[%emt 0:00:33]} Kg5 {[%emt 0:00:04]} 57. Rb4 {[%emt 0:00:27]} Kf5 {[%emt 0:02:32]} 58. Rf4+ {[%emt 0:00:15]} Kg5 {[%emt 0:00:00]} 59. Rb4 {[%emt 0:00:05]} Ra3+ {[%emt 0:00:36]} 60. Ke4 {[%emt 0:01:12]} Ra2 {[%emt 0:00:43]} 61. Kf3 {[%emt 0:00:10]} e5 {[%emt 0:00:17]} 62. Rb5 {[%emt 0:00:58]} Kf5 {[%emt 0:00:12]} 63. Rb8 e4+ {[%emt 0:01:29]} 64. Ke3 {[%emt 0:00:31]} Ra3+ {[%emt 0:00:04]} 65. Kd4 {[%emt 0:01:14]} Rd3+ {[%emt 0:00:10]} 66. Kc4 {[%emt 0:00:14]} Rd2 {[%emt 0:01:38]} 67. Rf8+ {[%emt 0:00:11]} Kg4 {[%emt 0:00:35]} 68. Kc3 {[%emt 0:00:43]} Rd3+ {[%emt 0:00:29]} 69. Kc2 {[%emt 0:00:20]} Ra3 {[%emt 0:00:36]} 70. Kd2 {[%emt 0:00:20]} g5 {[%emt 0:00:54]} 71. Ke2 {[%emt 0:00:12]} e3 {[%emt 0:00:31]} 72. Rf3 {[%emt 0:01:04]} Ra2+ {[%emt 0:00:15]} 73. Kxe3 {[%emt 0:00:23]} Ra3+ {[%emt 0:00:03]} 74. Ke4 {[%emt 0:00:04]} Rxf3 {[%emt 0:00:46]} 75. gxf3+ {[%emt 0:00:06]} Kh3 {[%emt 0:00:33]} 76. f4 {[%emt 0:00:31]} gxf4 {[%emt 0:00:28]} 77. Kxf4 {[%emt 0:00:06]} Kg2 {[%emt 0:00:05]} 78. Kg5 {[%emt 0:00:06]} Kxf2 {[%emt 0:00:04]} 79. Kxh5 {[%emt 0:00:04]} 1/2-1/2

[Event "SRB-chT 1st League Women 2018"]
[Site "Zajecar"]
[Date "2018.09.10"]
[Round "11"]
[White "Bojicic, Andjela"]
[Black "Urosevic, Marija"]
[Result "1/2-1/2"]
[WhiteElo "2123"]
[BlackElo "2064"]
[Annotator "NA"]
[PlyCount "80"]
[EventDate "2018.08.31"]
[EventType "team-tourn"]
[EventCountry "SRB"]
[SourceTitle "playchess.com"]
[Source "ChessBase"]
[SourceQuality "1"]
[TimeControl "40/5400+30:1800+30"]

1. d4 {[%emt 0:00:00]} Nf6 {[%emt 0:00:00]} 2. c4 {[%emt 0:00:00]} e6 {[%emt 0:00:00]} 3. Nc3 {[%emt 0:00:00]} Bb4 {[%emt 0:00:00]} 4. Nf3 {[%emt 0:00:00]} b6 {[%emt 0:01:59]} 5. Bg5 {[%emt 0:01:00]} h6 {[%emt 0:10:00]} 6. Bh4 {[%emt 0:00:19]} c5 {[%emt 0:10:32]} 7. e3 {[%emt 0:06:40]} Bb7 {[%emt 0:03:04]} 8. Bd3 {[%emt 0:04:08]} cxd4 {[%emt 0:01:07]} 9. exd4 {[%emt 0:05:09]} O-O {[%emt 0:02:37] LiveBook: 13 Partien} 10. O-O {[%emt 0:00:16]} Be7 $14 {[%emt 0:02:16]} 11. Qe2 {[%emt 0:07:34]} d6 {[%emt 0:05:29]} 12. Rfd1 {[%emt 0:05:44]} Nbd7 {[%emt 0:00:51]} 13. Rac1 {[%emt 0:00:28]} Re8 {[%emt 0:02:16]} 14. b4 {[%emt 0:10:19]} Rc8 {[%emt 0:05:31]} 15. Nd2 {[%emt 0:14:17]} Qc7 {[%emt 0:15:18]} 16. Nb5 {[%emt 0:02:36]} Qb8 {[%emt 0:00:11]} 17. Bg3 {[%emt 0:01:39]} a6 {[%emt 0:00:25]} 18. Nc3 {[%emt 0:01:55]} Qa8 {[%emt 0:00:12]} 19. f3 {[%emt 0:10:06]} Nh5 {[%emt 0:04:25]} 20. Bb1 {[%emt 0:01:25]} Nxg3 {[%emt 0:00:28]} 21. hxg3 {[%emt 0:00:02]} Nf8 {[%emt 0:12:06]} 22. Qd3 {[%emt 0:03:03]} Qb8 {[%emt 0:06:57]} 23. d5 {[%emt 0:01:17]} exd5 {[%emt 0:02:37]} 24. Nxd5 {[%emt 0:00:13]} Bd8 {[%emt 0:03:03]} 25. Re1 {[%emt 0:02:20]} Re5 {[%emt 0:00:59]} 26. f4 {[%emt 0:02:40]} Re6 {[%emt 0:02:11]} 27. f5 {[%emt 0:04:25]} Rxe1+ {[%emt 0:02:10]} 28. Rxe1 {[%emt 0:00:01]} Bxd5 {[%emt 0:00:31]} 29. Qxd5 {[%emt 0:02:10]} b5 {[%emt 0:00:33]} 30. cxb5 {[%emt 0:03:12]} Qxb5 {[%emt 0:01:48]} 31. Qxb5 {[%emt 0:00:37]} axb5 {[%emt 0:00:01]} 32. Bd3 {[%emt 0:01:47]} Ra8 {[%emt 0:00:58]} 33. Bxb5 {[%emt 0:03:14]} Rxa2 {[%emt 0:00:05]} 34. Nc4 {[%emt 0:00:33]} d5 {[%emt 0:00:27]} 35. Ne5 {[%emt 0:03:00]} Bb6+ {[%emt 0:00:41]} 36. Kh2 {[%emt 0:00:30]} Bf2 {[%emt 0:00:46]} 37. Rd1 {[%emt 0:00:31]} Ra3 {[%emt 0:01:56]} 38. Rd3 {[%emt 0:00:57]} Rxd3 {[%emt 0:00:05]} 39. Nxd3 {[%emt 0:00:54]} Bb6 {[%emt 0:00:20]} 40. Bc6 {[%emt 0:00:00]} d4 {[%emt 0:00:00]} 1/2-1/2

[Event "SRB-chT 1st League Women 2018"]
[Site "Zajecar"]
[Date "2018.09.10"]
[Round "11"]
[White "Miladinovic, Lena"]
[Black "Stanimirovic, Marija"]
[Result "1-0"]
[WhiteElo "2098"]
[BlackElo "1901"]
[Annotator "NA"]
[PlyCount "127"]
[EventDate "2018.08.31"]
[EventType "team-tourn"]
[EventCountry "SRB"]
[SourceTitle "playchess.com"]
[Source "ChessBase"]
[SourceQuality "1"]
[TimeControl "40/5400+30:1800+30"]

1. c4 {[%emt 0:00:00]} c5 {[%emt 0:00:00]} 2. Nf3 {[%emt 0:00:00]} g6 {[%emt 0:00:00]} 3. e4 {[%emt 0:00:00]} Bg7 {[%emt 0:00:30]} 4. d4 {[%emt 0:00:00]} cxd4 {[%emt 0:00:09]} 5. Nxd4 {[%emt 0:00:00]} Nc6 {[%emt 0:01:02]} 6. Be3 {[%emt 0:00:27]} d6 {[%emt 0:00:49]} 7. Nc3 {[%emt 0:00:18]} Nf6 {[%emt 0:00:28]} 8. Be2 {[%emt 0:00:18]} O-O {[%emt 0:00:13]} 9. O-O {[%emt 0:00:06]} Nxd4 {[%emt 0:01:34]} 10. Bxd4 {[%emt 0:00:10]} Bd7 {[%emt 0:00:25]} 11. h3 {[%emt 0:00:11]} Bc6 {[%emt 0:00:44]} 12. Qc2 {[%emt 0:01:09]} Nd7 {[%emt 0:04:07]} 13. Bxg7 {[%emt 0:00:49]} Kxg7 {[%emt 0:00:07]} 14. Rad1 {[%emt 0:00:10]} a5 {[%emt 0:03:12]} 15. Bg4 {[%emt 0:00:32]} Ne5 {[%emt 0:04:59]} 16. c5 {[%emt 0:00:25]} Nxg4 {[%emt 0:08:06]} 17. hxg4 {[%emt 0:00:09]} Qc8 {[%emt 0:01:02]} 18. cxd6 {[%emt 0:00:47]} exd6 {[%emt 0:00:13]} 19. f3 {[%emt 0:06:28]} ({Much less strong is} 19. Rxd6 Qxg4 20. Qd2 Rae8 $14) 19... Qe6 {[%emt 0:07:30]} 20. Rd4 {[%emt 0:04:50]} Qe5 {[%emt 0:08:02]} 21. Qd2 {[%emt 0:05:06]} Qc5 {[%emt 0:03:32]} 22. Kh1 {[%emt 0:17:55]} h5 {[%emt 0:10:43]} 23. g5 {[%emt 0:03:19]} f5 {[%emt 0:08:27]} 24. Rd1 {[%emt 0:09:51]} Rae8 {[%emt 0:04:29]} 25. Nd5 {[%emt 0:15:20]} fxe4 {[%emt 0:07:16]} 26. fxe4 {[%emt 0:02:22]} Bxd5 {[%emt 0:03:50]} 27. Rxd5 {[%emt 0:02:39]} Qc4 {[%emt 0:04:08]} 28. Qd4+ {[%emt 0:04:49]} Qxd4 {[%emt 0:00:10]} 29. R1xd4 {[%emt 0:00:13]} Rf1+ {[%emt 0:08:11]} 30. Kh2 {[%emt 0:00:04]} Re1 {[%emt 0:00:29]} 31. Rxa5 {[%emt 0:07:51]} R1xe4 {[%emt 0:00:43]} 32. Rxd6 {[%emt 0:01:35]} R8e7 {[%emt 0:04:31]} 33. Rb5 {[%emt 0:01:22]} Rg4 {[%emt 0:04:15]} 34. Rd2 {[%emt 0:07:02]} Rf7 {[%emt 0:01:25]} 35. Rd8 {[%emt 0:04:42]} Re7 {[%emt 0:01:14]} 36. Rb8 {[%emt 0:03:00]} Kf7 {[%emt 0:00:47]} 37. R8xb7 {[%emt 0:00:44]} Rh4+ {[%emt 0:00:25]} 38. Kg3 {[%emt 0:00:59]} Rg4+ {[%emt 0:00:07]} 39. Kf3 {[%emt 0:00:51]} Rxb7 {[%emt 0:00:26]} 40. Rxb7+ {[%emt 0:00:00]} Ke6 {[%emt 0:00:00]} 41. Rb6+ {[%emt 0:00:41]} Kf5 {[%emt 0:01:01]} 42. Rb5+ {[%emt 0:00:04]} Ke6 {[%emt 0:00:14]} 43. b3 {[%emt 0:00:58]} Kd7 {[%emt 0:00:50]} 44. a4 {[%emt 0:06:32]} Kc6 {[%emt 0:01:18]} 45. g3 {[%emt 0:04:38]} Rd4 $18 {[%emt 0:07:27]} 46. Rb8 {[%emt 0:00:54]} Rg4 {[%emt 0:01:51]} 47. Rb5 {[%emt 0:04:11]} Rd4 {[%emt 0:00:33]} 48. Rb8 {[%emt 0:04:01]} Rg4 {[%emt 0:00:26]} 49. a5 {[%emt 0:01:44]} Rxg5 {[%emt 0:03:34]} 50. a6 {[%emt 0:05:11]} Ra5 {[%emt 0:03:35]} 51. b4 {[%emt 0:00:55]} Ra3+ {[%emt 0:04:43]} 52. Kf4 {[%emt 0:01:30]} g5+ {[%emt 0:07:11]} 53. Kxg5 {[%emt 0:00:15]} Rxg3+ {[%emt 0:00:16]} 54. Kxh5 {[%emt 0:00:17]} Ra3 {[%emt 0:00:21]} 55. b5+ {[%emt 0:00:43]} Kc7 {[%emt 0:01:37]} 56. Rb7+ {[%emt 0:00:26]} Kc8 {[%emt 0:00:36]} 57. Kg4 {[%emt 0:00:16]} Ra1 {[%emt 0:00:55]} 58. Kf4 {[%emt 0:00:49]} Ra4+ {[%emt 0:00:38]} 59. Ke5 {[%emt 0:00:21]} Ra1 {[%emt 0:00:21]} 60. Kd5 {[%emt 0:00:24]} Rd1+ {[%emt 0:02:01]} 61. Kc5 {[%emt 0:00:20]} Rc1+ {[%emt 0:00:22]} 62. Kb6 {[%emt 0:00:15]} Rh1 {[%emt 0:01:17]} 63. Rc7+ {[%emt 0:00:26]} Kd8 {[%emt 0:00:20]} 64. a7 {[%emt 0:00:27]} 1-0

[Event "SRB-chT 1st League Women 2018"]
[Site "Zajecar"]
[Date "2018.09.10"]
[Round "11"]
[White "Ljubicic, Andjela"]
[Black "Vuckovic, Lidija"]
[Result "0-1"]
[WhiteElo "1567"]
[BlackElo "1834"]
[Annotator "NA"]
[PlyCount "62"]
[EventDate "2018.08.31"]
[EventType "team-tourn"]
[EventCountry "SRB"]
[SourceTitle "playchess.com"]
[Source "ChessBase"]
[SourceQuality "1"]
[TimeControl "40/5400+30:1800+30"]

1. e4 {[%emt 0:00:00]} c6 {[%emt 0:00:00]} 2. d4 {[%emt 0:00:00]} d5 {[%emt 0:00:00]} 3. exd5 {[%emt 0:00:18]} cxd5 {[%emt 0:00:02]} 4. c4 {[%emt 0:01:14]} Nf6 {[%emt 0:00:20]} 5. Nc3 {[%emt 0:01:45]} e6 {[%emt 0:00:19]} 6. cxd5 {[%emt 0:04:50]} Nxd5 {[%emt 0:00:29]} 7. Nf3 {[%emt 0:04:08]} Be7 {[%emt 0:04:04]} 8. Be2 {[%emt 0:03:40] D41: Queen's Gambit Declined: Semi-Tarrasch with 5 cxd5} (8. Bc4 Nc6 9. O-O O-O 10. Re1 Nxc3 11. bxc3 b6 12. Bd3 Bb7 13. h4 Bxh4 14. Nxh4 Qxh4 15. Re3 g6 16. Rh3 Qf6 17. Bh6 Rfe8 18. Qd2 e5 19. d5 Ne7 20. Bg5 Qd6 21. c4 f6 {1-0 (42) Illescas Cordoba,M (2605)-Volkov,S (2557) Barcelona 2018}) 8... O-O {[%emt 0:01:23]} 9. O-O {[%emt 0:03:22]} Nxc3 {[%emt 0:04:02]} 10. bxc3 {[%emt 0:00:29]} b6 $146 {[%emt 0:00:08]} ({Predecessor:} 10... Nd7 11. Re1 b6 12. Rb1 Bb7 13. Bd3 Qc7 14. Re3 g6 {1-0 (34) Waters,M-Moffatt,B Brisbane 2006}) 11. Bf4 {[%emt 0:10:49]} Bb7 {[%emt 0:00:57]} 12. Ne5 {[%emt 0:15:50]} Nd7 {[%emt 0:04:32]} 13. Bf3 {[%emt 0:12:08]} Qc8 {[%emt 0:07:04]} 14. a4 {[%emt 0:17:56]} Nf6 {[%emt 0:09:33]} 15. Bg5 {[%emt 0:14:43]} h6 {[%emt 0:08:03]} 16. Bxf6 {[%emt 0:01:12]} Bxf6 {[%emt 0:00:39]} 17. Bxb7 {[%emt 0:01:29]} Qxb7 {[%emt 0:00:10]} 18. Qf3 {[%emt 0:01:18]} Qc7 {[%emt 0:03:44]} 19. Qg3 {[%emt 0:03:09]} Rac8 {[%emt 0:03:38]} 20. Rfc1 {[%emt 0:00:46]} Rfd8 {[%emt 0:02:28]} 21. Qe3 {[%emt 0:00:43]} Qd6 $17 {[%emt 0:05:27]} (21... Bxe5 $142 $1 22. Qxe5 Qxe5 23. dxe5 Rd5) 22. Nf3 {[%emt 0:00:30]} Rc7 {[%emt 0:00:56]} 23. a5 {[%emt 0:00:28]} b5 {[%emt 0:05:47]} 24. Ra2 {[%emt 0:00:36]} a6 {[%emt 0:00:35]} 25. Rac2 {[%emt 0:00:30]} Qa3 {[%emt 0:02:06]} 26. c4 {[%emt 0:00:34]} Qxa5 {[%emt 0:02:26]} 27. d5 {[%emt 0:00:29]} bxc4 {[%emt 0:04:39]} 28. dxe6 {[%emt 0:00:26]} c3 {[%emt 0:05:09]} 29. exf7+ {[%emt 0:00:12]} Kxf7 {[%emt 0:00:01]} 30. h3 {[%emt 0:00:45]} Rcd7 {[%emt 0:01:22]} 31. Re2 {[%emt 0:00:38]} Re7 {[%emt 0:02:14]} 0-1